书目信息 |
| 题名: |
化学热力学
|
|
| 作者: | 郭润生 编 | |
| 分册: | ||
| 出版信息: | 北京 高等教育出版社 1988.08 |
|
| 页数: | 464页 | |
| 开本: | 21cm | |
| 丛书名: | 高等学校教学参考书 | |
| 单 册: | ||
| 中图分类: | O642.1 | |
| 科图分类: | ||
| 主题词: | 物理化学 , 量子化学 | |
| 电子资源: | ||
| ISBN: | 7-04-000871-8 | |
| 000 | 00626nam0 2200229 45 | |
| 001 | 0405200909 | |
| 005 | 20040629174639.8 | |
| 010 | @a7-04-000871-8@dCNY5.85 | |
| 100 | @a20040520d1988 km y0chiy0120 ea | |
| 101 | 0 | @achi |
| 105 | @a z 000yy | |
| 200 | 1 | @a化学热力学@AHua Xue Re Li Xue@f郭润生编@FGuo Run Sheng Bian |
| 210 | @a北京@c高等教育出版社@d1988.08 | |
| 215 | @a464页@d21cm | |
| 225 | @a高等学校教学参考书 | |
| 410 | @12001 @a高等学校教学参考书 | |
| 606 | 0 | @a物理化学 |
| 606 | 0 | @a量子化学 |
| 690 | @aO642.1@v3 | |
| 701 | 0 | @a郭润生@4编 |
| 801 | @aCN@bPftUser@c20040520 | |
| 905 | @dO642.1@e31@f1@b215699 | |
| 化学热力学/郭润生编.-北京:高等教育出版社,1988.08 |
| 464页;21cm.-(高等学校教学参考书) |
| ISBN 7-04-000871-8:CNY5.85 |
| ● |
| 相关链接 |
|
|
|
|
正题名:化学热力学
索取号:O642.1/31
 
预约/预借
| 序号 | 登录号 | 条形码 | 馆藏地/架位号 | 状态 | 备注 |
| 1 | 0215699 | 001933199 | 第三借阅区/ [索取号:O642.1/31] | 在馆 | |
| 2 | 0215700 | 000342034 | 第三借阅区/ [索取号:O642.1/31] | 在馆 | |
| 3 | 0215701 | 000342025 | 第二样本阅览室/ [索取号:O642.1/31] | 在馆 |